[Event "ODEM U25B 2012"]
[Site "Oberhof GER"]
[Date "2012.05.29"]
[Round "4"]
[White "Hoppe, Michael"]
[Black "Silber, Kevin"]
[Result "1/2-1/2"]
[Termination "normal"]
[Board "12"]
[WhiteElo "1426"]
[BlackElo "1196"]
[PlyCount "99"]
[WhiteFideId "12928747"]
[BlackFideId "12930440"]
[EventCountry "GER"]
[EventRounds "9"]
[EventType "swiss"]
[EventDate "2012.05.26"]

1. d4 g6 2. Bf4 d6 3. e3 a6 4. Bc4 Bg7 5. Nc3 Nd7 6. Nge2 c5 7. Bg3 Ngf6 8. a4
Rb8 9. O-O O-O 10. Qd2 b6 11. f3 Bb7 12. e4 cxd4 13. Nxd4 e5 14. Nde2 Qc7 15.
Bb3 Nc5 16. Bd5 Nxd5 17. Nxd5 Qd8 18. Rfd1 Re8 19. Bf2 a5 20. Ndc3 Re6 21. Nb5
Bf8 22. Bxc5 bxc5 23. c4 Ba8 24. Nec3 h5 25. Nd5 Rc8 26. Qc2 g5 27. Qd2 f6 28.
h3 Kh7 29. g4 h4 30. Ne3 Qb6 31. Qe2 Rd8 32. Rd3 Bb7 33. Nf5 Ba6 34. Qe1 Kg6
35. Rad1 Kf7 36. Qd2 Bxb5 37. axb5 Kg6 38. Ra1 Ra8 39. Rda3 Be7 40. Qd5 Kf7 41.
Qxa8 d5 42. Qxd5 Bd8 43. Qd7+ Kf8 44. Rd3 Re7 45. Qxd8+ Qxd8 46. Rxd8+ Re8 47.
Rxe8+ Kxe8 48. Rxa5 Kd7 49. Ra7+ Ke6 50. b6 1/2-1/2

[Event "ODEM U25B 2012"]
[Site "Oberhof GER"]
[Date "2012.05.29"]
[Round "4"]
[White "Giede, Anna-Blume"]
[Black "Gast, Antonia"]
[Result "1/2-1/2"]
[Termination "normal"]
[Board "13"]
[WhiteElo "1250"]
[BlackElo "1395"]
[PlyCount "40"]
[WhiteFideId "12921980"]
[BlackFideId "12929336"]
[EventCountry "GER"]
[EventRounds "9"]
[EventType "swiss"]
[EventDate "2012.05.26"]

1. e4 e5 2. Nf3 d6 3. h3 h6 4. Bc4 Nc6 5. O-O Nf6 6. Re1 Be7 7. c3 O-O 8. d4
Qe8 9. Bb5 Bd7 10. d5 Nd8 11. Bd3 Nh7 12. Qc2 a6 13. Nbd2 f6 14. Nf1 Nf7 15.
Ng3 Nfg5 16. Nh4 g6 17. Kh2 Kg7 18. f4 exf4 19. Bxf4 Bb5 20. c4 Bd7 1/2-1/2

[Event "ODEM U25B 2012"]
[Site "Oberhof GER"]
[Date "2012.05.29"]
[Round "4"]
[White "Dopmann, Sina"]
[Black "Greßmann, Hanna"]
[Result "1/2-1/2"]
[Termination "normal"]
[Board "14"]
[WhiteElo "1158"]
[BlackElo "1393"]
[PlyCount "41"]
[BlackFideId "12930709"]
[EventCountry "GER"]
[EventRounds "9"]
[EventType "swiss"]
[EventDate "2012.05.26"]

1. Nc3 c5 2. e4 d6 3. f4 g6 4. Nf3 Bg7 5. g3 Nc6 6. Bg2 Nf6 7. O-O O-O 8. h3
Rb8 9. d3 b5 10. Be3 b4 11. Ne2 Bb7 12. f5 gxf5 13. exf5 Nd5 14. Bc1 Na5 15.
Rb1 c4 16. d4 Qb6 17. Bd2 Bc6 18. Qc1 e6 19. fxe6 fxe6 20. Bh6 Rf7 21. Bxg7
1/2-1/2

[Event "ODEM U25B 2012"]
[Site "Oberhof GER"]
[Date "2012.05.29"]
[Round "4"]
[White "Hölzer, Jeanette"]
[Black "Tsoumanis, Neoptolemos"]
[Result "1-0"]
[Termination "normal"]
[Board "15"]
[WhiteElo "1376"]
[BlackElo "1181"]
[PlyCount "109"]
[WhiteFideId "12917982"]
[EventCountry "GER"]
[EventRounds "9"]
[EventType "swiss"]
[EventDate "2012.05.26"]

1. e4 d5 2. exd5 Qxd5 3. Nf3 Bg4 4. Be2 Nf6 5. d4 Nc6 6. c4 Qd6 7. Be3 e6 8.
Nc3 O-O-O 9. Qb3 Na5 10. Qa4 Qb4 11. Qxb4 Bxb4 12. Ne5 Bxe2 13. Kxe2 Rhf8 14.
Rac1 Bd6 15. Na4 Bxe5 16. dxe5 Ng4 17. Bc5 Rfe8 18. f4 Rd7 19. Bxa7 b6 20. Bxb6
cxb6 21. Nxb6+ Kc7 22. Nxd7 Kxd7 23. a3 Nh6 24. Rhd1+ Kc7 25. g4 f6 26. exf6
gxf6 27. b4 Nc6 28. b5 Na5 29. c5 f5 30. g5 Nf7 31. Kf3 e5 32. Re1 Rb8 33. b6+
Kc6 34. h4 Re8 35. h5 Nb7 36. g6 e4+ 37. Ke3 Nh6 38. gxh7 Ng4+ 39. Kd4 Rd8+ 40.
Kc4 Nf2 41. Rc2 Na5+ 42. Kc3 e3 43. Rxe3 Nd1+ 44. Kb4 Nxe3 45. Re2 Nac4 46. a4
Re8 47. a5 Nd5+ 48. Kxc4 Rd8 49. h8=Q Nxb6+ 50. axb6 Rxh8 51. Re6+ Kb7 52. Re7+
Kb8 53. Kb5 Rh6 54. c6 Rh8 55. Ka6 1-0

[Event "ODEM U25B 2012"]
[Site "Oberhof GER"]
[Date "2012.05.29"]
[Round "4"]
[White "Vuckovic, Robert"]
[Black "Hageresch, Leon"]
[Result "0-1"]
[Termination "normal"]
[Board "16"]
[WhiteElo "1081"]
[BlackElo "1371"]
[PlyCount "144"]
[WhiteFideId "12998680"]
[BlackFideId "12933899"]
[EventCountry "GER"]
[EventRounds "9"]
[EventType "swiss"]
[EventDate "2012.05.26"]

1. e4 Nf6 2. Nc3 d5 3. e5 Nfd7 4. Nf3 e6 5. d4 c5 6. Nb5 a6 7. Nd6+ Bxd6 8.
exd6 cxd4 9. Nxd4 Nf6 10. Bf4 O-O 11. Be2 Re8 12. Be5 Nbd7 13. Bg3 e5 14. Nf5
Nb6 15. Bg4 Bxf5 16. Bxf5 Qxd6 17. O-O Qc7 18. Re1 g6 19. Bh3 Re7 20. Bh4 Kg7
21. Qf3 Qc6 22. Re2 e4 23. Qa3 Ree8 24. b4 Nh5 25. Qb2+ Kg8 26. f3 Nf4 27. Rf2
e3 28. Rff1 Nxh3+ 29. gxh3 Rac8 30. Bg5 Qc3 31. Qxc3 Rxc3 32. Bf6 Rxc2 33. Bd4
Nc4 34. Rfe1 Nd2 35. Kg2 Nb3+ 36. Kg3 Nxa1 37. Bxa1 Rxa2 38. f4 e2 39. Be5 Rd8
40. Kf3 d4 41. Rxe2 Rxe2 42. Kxe2 d3+ 43. Kd2 Kf8 44. h4 Ke7 45. h5 f6 46. Bc7
Rd7 47. Ba5 g5 48. fxg5 fxg5 49. h3 Ke6 50. b5 axb5 51. Ke3 d2 52. Bxd2 Rxd2
53. Kxd2 Kf5 54. Kc3 Kf4 55. Kd4 Kg3 56. Ke5 Kxh3 57. Kf5 b4 58. Kxg5 b3 59.
Kh6 Kh4 60. Kxh7 Kxh5 61. Kg7 b2 62. Kf6 b1=Q 63. Ke6 Qb5 64. Kd6 Kg4 65. Ke6
Kf4 66. Kf6 Qc6+ 67. Ke7 Kf5 68. Kd8 b5 69. Ke7 b4 70. Kd8 Qb7 71. Ke8 Ke6 72.
Kf8 Qf7# 0-1

[Event "ODEM U25B 2012"]
[Site "Oberhof GER"]
[Date "2012.05.29"]
[Round "4"]
[White "Zyla, Lennert"]
[Black "Friedrich, Robert"]
[Result "1/2-1/2"]
[Termination "normal"]
[Board "17"]
[WhiteElo "1048"]
[BlackElo "1350"]
[PlyCount "113"]
[WhiteFideId "12981567"]
[BlackFideId "1271541"]
[EventCountry "GER"]
[EventRounds "9"]
[EventType "swiss"]
[EventDate "2012.05.26"]

1. e4 e5 2. Nf3 Nc6 3. Bb5 a6 4. Ba4 Bc5 5. Bxc6 dxc6 6. Nxe5 Qd4 7. Nd3 Qxe4+
8. Qe2 Qxe2+ 9. Kxe2 Bb6 10. Re1 Nf6 11. Kf1+ Be6 12. b3 O-O 13. Bb2 Nd7 14.
Nf4 Bf5 15. Na3 Rfe8 16. Rxe8+ Rxe8 17. h3 h6 18. Nh5 f6 19. Ng3 Bg6 20. Re1
Rxe1+ 21. Kxe1 Bc5 22. d3 Kf7 23. Nc4 Nb6 24. Nxb6 Bxb6 25. b4 c5 26. bxc5 Bxc5
27. d4 Bb4+ 28. c3 Bd6 29. Ne2 Ke6 30. a3 Kd5 31. Kd2 Kc4 32. Nc1 Kb5 33. Nd3
c6 34. Nb4 a5 35. Nc2 Bxc2 36. Kxc2 Ka4 37. c4 Bxa3 38. Bxa3 Kxa3 39. Kc3 Ka2
40. d5 cxd5 41. cxd5 b5 42. d6 b4+ 43. Kc4 b3 44. d7 b2 45. d8=Q b1=Q 46. Qxa5+
Kb2 47. Qb4+ Ka1 48. Qa3+ Qa2+ 49. Qxa2+ Kxa2 50. Kd5 Kb2 51. g4 Kc2 52. Ke4 g6
53. f4 Kc3 54. h4 Kc4 55. h5 g5 56. fxg5 fxg5 57. Kf5 1/2-1/2

[Event "ODEM U25B 2012"]
[Site "Oberhof GER"]
[Date "2012.05.29"]
[Round "4"]
[White "Focke, Adrian"]
[Black "Bick, Lennard"]
[Result "1-0"]
[Termination "normal"]
[Board "18"]
[WhiteElo "1312"]
[BlackElo "1169"]
[PlyCount "69"]
[WhiteFideId "12969869"]
[EventCountry "GER"]
[EventRounds "9"]
[EventType "swiss"]
[EventDate "2012.05.26"]

1. e4 e5 2. Nf3 Nf6 3. Nc3 Nc6 4. d4 exd4 5. Nxd4 Bb4 6. Nxc6 dxc6 7. Qxd8+
Kxd8 8. Bg5 Re8 9. O-O-O+ Bd7 10. Bd3 h6 11. Bxf6+ gxf6 12. Ne2 Bd6 13. Ng3 Rg8
14. Be2 Be6 15. Bf3 a5 16. a3 Ke8 17. Ne2 Bc5 18. Rhf1 Bc4 19. g3 Rd8 20. Rxd8+
Kxd8 21. Bh5 Re8 22. f4 Rxe4 23. Nc3 Re7 24. Rd1+ Kc8 25. Na4 Bb6 26. Nxb6+
cxb6 27. b3 Be2 28. Re1 Kd8 29. Rxe2 Rxe2 30. Bxe2 Ke7 31. Kd2 Kd6 32. Kd3 c5
33. Ke4 Ke6 34. Bc4+ Ke7 35. h4 1-0

[Event "ODEM U25B 2012"]
[Site "Oberhof GER"]
[Date "2012.05.29"]
[Round "4"]
[White "Hoffmann, Rasmus"]
[Black "Arns, Alexander"]
[Result "0-1"]
[Termination "normal"]
[Board "19"]
[WhiteElo "1151"]
[BlackElo "1452"]
[PlyCount "78"]
[BlackFideId "12944009"]
[EventCountry "GER"]
[EventRounds "9"]
[EventType "swiss"]
[EventDate "2012.05.26"]

1. Nc3 d5 2. d4 Bf5 3. g3 e6 4. Bg2 Nc6 5. e4 dxe4 6. Nge2 Bb4 7. Be3 Nf6 8.
O-O h6 9. a3 Ba5 10. b4 Bb6 11. Nb1 Bg4 12. Nbc3 Bf3 13. Qd2 Qd7 14. Rab1 Rd8
15. Rfd1 Qe7 16. Bf1 a6 17. Na2 Bxe2 18. Bxe2 Bxd4 19. b5 Bxe3 20. Qxe3 Rxd1+
21. Rxd1 Nd5 22. Rxd5 exd5 23. bxc6 b5 24. Nb4 Qd6 25. Qf4 Qxf4 26. gxf4 a5 27.
Nxd5 Kd8 28. Bxb5 Re8 29. Kf1 Re6 30. Ke2 Rg6 31. h3 Rg1 32. Ke3 Rh1 33. Kxe4
Rxh3 34. f3 Rg3 35. f5 h5 36. Nf4 h4 37. Bf1 Ke7 38. Nh5 Rg1 39. Bd3 h3 0-1

[Event "ODEM U25B 2012"]
[Site "Oberhof GER"]
[Date "2012.05.29"]
[Round "4"]
[White "Schramm, Anna-Lena"]
[Black "Zebandt, Manuel"]
[Result "1-0"]
[Termination "normal"]
[Board "20"]
[WhiteElo "1359"]
[BlackElo "985"]
[PlyCount "67"]
[WhiteFideId "12918237"]
[EventCountry "GER"]
[EventRounds "9"]
[EventType "swiss"]
[EventDate "2012.05.26"]

1. e4 d5 2. exd5 Qxd5 3. Nc3 Qa5 4. Nf3 Bg4 5. Bc4 Nc6 6. d3 O-O-O 7. Bd2 Qh5
8. Ne4 Nd4 9. Ng3 Bxf3 10. Nxh5 Bxd1 11. Kxd1 g6 12. Ng3 Nf6 13. c3 b5 14. Bxf7
Nf5 15. Nxf5 gxf5 16. Be6+ Kb8 17. Bxf5 Rd5 18. Be4 Re5 19. Re1 Ng4 20. Ke2 Rg8
21. Bf4 Re6 22. Kf1 Rf6 23. Bg3 Bh6 24. h3 Nxf2 25. Bxf2 Rg3 26. Kg1 Rg5 27.
Bxh7 Rh5 28. Rxe7 Bg5 29. Be4 Rf8 30. Re5 Rg8 31. Rxb5+ Kc8 32. Re1 a6 33. Bf5+
Kd8 34. Rd5# 1-0

[Event "ODEM U25B 2012"]
[Site "Oberhof GER"]
[Date "2012.05.29"]
[Round "4"]
[White "Sherif, Malik"]
[Black "Weiten, Katharina"]
[Result "1-0"]
[Termination "normal"]
[Board "23"]
[WhiteElo "1217"]
[BlackElo "882"]
[PlyCount "49"]
[WhiteFideId "12911755"]
[BlackFideId "12971979"]
[EventCountry "GER"]
[EventRounds "9"]
[EventType "swiss"]
[EventDate "2012.05.26"]

1. e4 e5 2. Nf3 Nc6 3. Bc4 Nf6 4. Ng5 Nxe4 5. Nxf7 Qh4 6. O-O Bc5 7. Qe1 O-O 8.
Nxe5+ Kh8 9. Nf7+ Kg8 10. Ng5+ Kh8 11. Nxe4 Re8 12. d3 d6 13. Be3 Nd4 14. Bxd4
Bxd4 15. c3 Be5 16. Ng3 Bf5 17. Qd1 Rf8 18. Nd2 Bg4 19. f3 Bh5 20. Qe1 Rae8 21.
Qf2 Rf6 22. d4 Bf4 23. Rfe1 Ref8 24. Ngf1 Qg5 25. Ne4 1-0

[Event "ODEM U25B 2012"]
[Site "Oberhof GER"]
[Date "2012.05.29"]
[Round "4"]
[White "Wiemann, Daniel"]
[Black "Neumann, Tiemon"]
[Result "0-1"]
[Termination "normal"]
[Board "24"]
[WhiteElo "963"]
[BlackElo "1750"]
[PlyCount "84"]
[WhiteFideId "12942944"]
[BlackFideId "12925462"]
[EventCountry "GER"]
[EventRounds "9"]
[EventType "swiss"]
[EventDate "2012.05.26"]

1. e4 e5 2. Nf3 Nc6 3. Bb5 Nd4 4. Bc4 Nxf3+ 5. Qxf3 Nf6 6. d3 d6 7. Bg5 Be7 8.
Bxf6 Bxf6 9. Nc3 c6 10. O-O O-O 11. Rad1 g6 12. Ne2 a5 13. a3 h5 14. h3 Be6 15.
Bxe6 fxe6 16. Qe3 Bg5 17. f4 exf4 18. Nxf4 e5 19. g3 exf4 20. gxf4 Bxf4 21.
Rxf4 Qg5+ 22. Kh2 Qxf4+ 23. Qxf4 Rxf4 24. Kg3 Raf8 25. Kg2 Rf2+ 26. Kg1 Rxc2
27. b4 axb4 28. axb4 Rff2 29. Kh1 Rfd2 30. Rxd2 Rxd2 31. Kg1 Rxd3 32. Kf2 Rd4
33. e5 dxe5 34. b5 cxb5 35. Ke3 b4 36. Kf3 b3 37. Ke3 b2 38. Kf3 b1=Q 39. Ke3
Qd3+ 40. Kf2 Re4 41. Kg1 Qd2 42. Kf1 Re1# 0-1

[Event "ODEM U25B 2012"]
[Site "Oberhof GER"]
[Date "2012.05.29"]
[Round "4"]
[White "Kalina, Joshua"]
[Black "Granzin, David"]
[Result "0-1"]
[Termination "normal"]
[Board "25"]
[WhiteElo "941"]
[BlackElo "1289"]
[PlyCount "114"]
[BlackFideId "12922145"]
[EventCountry "GER"]
[EventRounds "9"]
[EventType "swiss"]
[EventDate "2012.05.26"]

1. e4 d5 2. exd5 Nf6 3. d4 Nxd5 4. Nf3 g6 5. Bc4 Nb6 6. Bb3 Bg7 7. O-O Nc6 8.
Be3 Bg4 9. Nbd2 O-O 10. h3 Bxf3 11. Nxf3 a5 12. Qe2 a4 13. d5 Ne5 14. Bxb6
Nxf3+ 15. gxf3 cxb6 16. Bc4 Bxb2 17. Rab1 a3 18. c3 Rc8 19. Qd3 b5 20. Bxb5
Rxc3 21. Qe2 Qxd5 22. Rfd1 Qxf3 23. Qxf3 Rxf3 24. Rd3 Rxd3 25. Bxd3 Rd8 26. Be4
b6 27. Re1 Rc8 28. Kg2 Rc1 29. Rxc1 Bxc1 30. Kf3 Kg7 31. Ke2 b5 32. Bd5 b4 33.
Kf3 e6 34. Bb3 Kf6 35. Kg4 h5+ 36. Kf3 Kf5 37. Kg3 Ke5 38. f3 Bd2 39. Kf2 Kf4
40. Kg2 Be3 41. Bc2 f5 42. Bb3 e5 43. Bf7 Kg5 44. Bd5 h4 45. Kh2 Kf4 46. Kg2 e4
47. fxe4 fxe4 48. Kf1 Kf3 49. Be6 g5 50. Bg4+ Kg3 51. Be6 Bd4 52. Ke2 g4 53.
hxg4 h3 54. Kf1 h2 55. g5 h1=Q+ 56. Ke2 Qf3+ 57. Ke1 Bc3# 0-1

[Event "ODEM U25B 2012"]
[Site "Oberhof GER"]
[Date "2012.05.29"]
[Round "4"]
[White "Wagner, Swenja"]
[Black "Acikel, Mert"]
[Result "0-1"]
[Termination "normal"]
[Board "26"]
[WhiteElo "1287"]
[BlackElo "970"]
[PlyCount "124"]
[WhiteFideId "12900494"]
[BlackFideId "12956465"]
[EventCountry "GER"]
[EventRounds "9"]
[EventType "swiss"]
[EventDate "2012.05.26"]

1. e4 e5 2. Nc3 Nf6 3. Bc4 Bc5 4. d3 d6 5. Bg5 h6 6. Bh4 g5 7. Bg3 Nc6 8. Nge2
Na5 9. Bb3 h5 10. h3 h4 11. Bh2 Be6 12. Bxe6 fxe6 13. a3 Nc6 14. Qd2 Rg8 15.
Na4 Bb6 16. Nxb6 axb6 17. O-O-O Qd7 18. Rhf1 O-O-O 19. g3 Nd4 20. Nxd4 exd4 21.
gxh4 gxh4 22. Qh6 Qg7 23. Qxh4 Rh8 24. Qg3 Qh6+ 25. Qf4 Qxf4+ 26. Bxf4 Rxh3 27.
Bg5 Rf8 28. f4 Ng4 29. f5 exf5 30. exf5 Rh5 31. Be7 Rfxf5 32. Rxf5 Rxf5 33. Rg1
Ne3 34. Bh4 Rf1+ 35. Rxf1 Nxf1 36. Bg5 Kd7 37. Bf4 Ke6 38. Kd1 Kf5 39. Bh6 Ng3
40. Bg7 c5 41. Bf8 Ke6 42. c3 Nf5 43. cxd4 Nxd4 44. Bh6 Kd5 45. Kd2 b5 46. Kc3
c4 47. Bg7 Nb3 48. dxc4+ bxc4 49. Bf8 b5 50. Kb4 Kc6 51. Bxd6 Kxd6 52. Kxb5 Kd5
53. Kb4 Kd4 54. a4 Nc5 55. a5 Na6+ 56. Ka3 Kc5 57. Ka4 Kd4 58. Ka3 Nc5 59. Kb4
Nd3+ 60. Ka3 Kc5 61. b3 c3 62. b4+ Kc4 0-1

[Event "ODEM U25B 2012"]
[Site "Oberhof GER"]
[Date "2012.05.29"]
[Round "4"]
[White "Niewrzol, Anton"]
[Black "Riehle, Fabio"]
[Result "1/2-1/2"]
[Termination "normal"]
[Board "27"]
[WhiteElo "896"]
[BlackElo "1129"]
[PlyCount "142"]
[BlackFideId "36052140"]
[EventCountry "GER"]
[EventRounds "9"]
[EventType "swiss"]
[EventDate "2012.05.26"]

1. e4 e5 2. Nf3 Nc6 3. Nc3 Nf6 4. d4 exd4 5. Nxd4 Bb4 6. Nxc6 bxc6 7. Bd3 d5 8.
Bg5 d4 9. a3 Bxc3+ 10. bxc3 dxc3 11. O-O h6 12. Bh4 Qd6 13. Qe1 Qe5 14. Bxf6
Qxf6 15. e5 Qg5 16. Qxc3 O-O 17. Qxc6 Bh3 18. Be4 Rfc8 19. Qxa8 Rxa8 20. Bxa8
Kf8 21. f4 Qg6 22. Rfe1 Qb6+ 23. Kf1 Qa6+ 24. Re2 Bg4 25. Bf3 Bxf3 26. gxf3 Qc4
27. f5 Ke7 28. Rb1 f6 29. e6 h5 30. Kf2 Qh4+ 31. Kg2 Qg5+ 32. Kf2 Qxf5 33. Rd1
Qc5+ 34. Kg2 Qb5 35. Rd7+ Ke8 36. Red2 Qg5+ 37. Kf1 f5 38. e7 g6 39. Rd8+ Kxe7
40. R2d7+ Ke6 41. Rd4 Qc1+ 42. Ke2 Qxc2+ 43. Ke3 Qc1+ 44. Rd2 Qxa3+ 45. R2d3
Qc5+ 46. Kf4 Qe5+ 47. Kg5 f4+ 48. Kxg6 Qf5+ 49. Kg7 Qf6+ 50. Kg8 Qg6+ 51. Kh8
Qh6+ 52. Kg8 Kf6 53. Rf8+ Kg6 54. Rd7 a5 55. Rff7 a4 56. Rh7 a3 57. Rxh6+ Kxh6
58. Rxc7 a2 59. Ra7 Kg5 60. Rxa2 Kh4 61. Rg2 Kh3 62. Rg5 h4 63. Rg4 Kxh2 64.
Rxh4+ Kg3 65. Rh1 Kxf3 66. Ra1 Kg3 67. Kg7 f3 68. Kf6 f2 69. Kf5 Kg2 70. Kf4
f1=Q+ 71. Rxf1 Kxf1 1/2-1/2

[Event "ODEM U25B 2012"]
[Site "Oberhof GER"]
[Date "2012.05.29"]
[Round "4"]
[White "Häusler, Luis"]
[Black "Lilienthal, Niels Bennett"]
[Result "1-0"]
[Termination "normal"]
[Board "28"]
[WhiteElo "1124"]
[BlackElo "928"]
[PlyCount "55"]
[WhiteFideId "12942928"]
[BlackFideId "16205421"]
[EventCountry "GER"]
[EventRounds "9"]
[EventType "swiss"]
[EventDate "2012.05.26"]

1. e4 c5 2. Nc3 Nc6 3. g3 Nf6 4. Bg2 g6 5. f4 e6 6. Nf3 Bg7 7. O-O O-O 8. d3 d5
9. e5 Ng4 10. Ne2 b5 11. h3 Nh6 12. g4 Kh8 13. Ng3 Nd4 14. Nxd4 cxd4 15. g5 Ng8
16. h4 Ne7 17. h5 Nf5 18. Nxf5 exf5 19. h6 Bxe5 20. fxe5 Re8 21. Re1 Re7 22.
Bd2 Qe8 23. Bxd5 Rb8 24. Bb4 Rxe5 25. Bd6 Rxe1+ 26. Qxe1 Qxe1+ 27. Rxe1 Rb6 28.
Re8# 1-0

[Event "ODEM U25B 2012"]
[Site "Oberhof GER"]
[Date "2012.05.29"]
[Round "4"]
[White "Huruglica, Emre"]
[Black "Abicht, Aruna Sophia"]
[Result "1-0"]
[Termination "normal"]
[Board "29"]
[WhiteElo "1103"]
[BlackElo "892"]
[PlyCount "53"]
[EventCountry "GER"]
[EventRounds "9"]
[EventType "swiss"]
[EventDate "2012.05.26"]

1. e4 e5 2. Nf3 Nc6 3. Bc4 Nd4 4. Nxd4 exd4 5. d3 Bc5 6. Bf4 Nf6 7. Nd2 d5 8.
exd5 Nxd5 9. Qh5 Qe7+ 10. Be5 Be6 11. O-O O-O-O 12. Ne4 Nf6 13. Bxf6 gxf6 14.
Bxe6+ fxe6 15. Nxc5 Qxc5 16. Qxc5 e5 17. Qxa7 b6 18. f4 Kd7 19. Qa4+ Ke6 20.
fxe5 fxe5 21. Rae1 Rhg8 22. Qc4+ Rd5 23. Qxc7 Rd6 24. Rf7 Rg6 25. Qe7+ Kd5 26.
Rxe5+ Kc6 27. Qc7# 1-0

[Event "ODEM U25B 2012"]
[Site "Oberhof GER"]
[Date "2012.05.29"]
[Round "4"]
[White "Grund, Melanie"]
[Black "Karge, Ole Jannes"]
[Result "0-1"]
[Termination "normal"]
[Board "30"]
[WhiteElo "885"]
[BlackElo "1090"]
[PlyCount "78"]
[WhiteFideId "12988804"]
[BlackFideId "12957267"]
[EventCountry "GER"]
[EventRounds "9"]
[EventType "swiss"]
[EventDate "2012.05.26"]

1. e4 c5 2. Bc4 a6 3. a3 b5 4. Ba2 Bb7 5. d3 e6 6. Nf3 Be7 7. Be3 Nc6 8. Nbd2
Nf6 9. O-O O-O 10. h3 d5 11. exd5 exd5 12. Bg5 h6 13. Bh4 Qd6 14. Bg3 Qd7 15.
c4 bxc4 16. dxc4 d4 17. Qc2 Bd6 18. Bh4 Ne7 19. Bb1 Ng6 20. Bxf6 gxf6 21. Nh4
Bf4 22. Nxg6 d3 23. Qc3 fxg6 24. Bxd3 Be5 25. Qc2 Qc6 26. Be4 Qd7 27. Bxb7 Qxb7
28. Rfe1 Qf7 29. Re3 Rad8 30. Ne4 Bd4 31. Rf3 f5 32. Qc1 Qg7 33. Ng3 Bxb2 34.
Qe3 Rfe8 35. Qf4 Rd4 36. Ne4 Rdxe4 37. Qg3 Bxa1 38. h4 Be5 39. Qh3 Re1# 0-1

[Event "ODEM U25B 2012"]
[Site "Oberhof GER"]
[Date "2012.05.29"]
[Round "4"]
[White "Hacklinger, Leon"]
[Black "Koll, Linus"]
[Result "0-1"]
[Termination "normal"]
[Board "31"]
[WhiteElo "877"]
[BlackElo "1052"]
[PlyCount "54"]
[WhiteFideId "16205111"]
[BlackFideId "12990299"]
[EventCountry "GER"]
[EventRounds "9"]
[EventType "swiss"]
[EventDate "2012.05.26"]

1. e4 e5 2. Nf3 Nc6 3. d4 exd4 4. c3 Nf6 5. cxd4 Bb4+ 6. Bd2 Bxd2+ 7. Nbxd2 d5
8. e5 Ne4 9. Bd3 Nxd2 10. Nxd2 Nxd4 11. Qa4+ Nc6 12. O-O O-O 13. Nf3 Bd7 14.
Qc2 Bg4 15. Bxh7+ Kh8 16. Qd3 Bxf3 17. gxf3 g6 18. Bxg6 fxg6 19. Qxg6 Rg8 20.
Qxg8+ Qxg8+ 21. Kh1 21... a6 { Ersatzzug, da der naechste Zug von Schwarz auf
beiden Formularen fehlt.} 22. Rg1 Qf7 23. Rg3 Rg8 24. Rh3+ Kg7 25. Rg1+ Kf8 26.
Re1 Qf5 27. e6 Qxh3 0-1

[Event "ODEM U25B 2012"]
[Site "Oberhof GER"]
[Date "2012.05.29"]
[Round "4"]
[White "Kobald, Pierre"]
[Black "Dathe, Frederick"]
[Result "1-0"]
[Termination "normal"]
[Board "32"]
[WhiteElo "869"]
[BlackElo "1036"]
[PlyCount "63"]
[WhiteFideId "12983659"]
[BlackFideId "12963070"]
[EventCountry "GER"]
[EventRounds "9"]
[EventType "swiss"]
[EventDate "2012.05.26"]

1. e4 c5 2. Nc3 Nf6 3. d3 g6 4. f4 d6 5. Nf3 Bg7 6. Be2 O-O 7. O-O Nc6 8. Qe1
Ng4 9. h3 Nd4 10. hxg4 Nxc2 11. Qh4 Nxa1 12. f5 e6 13. Bg5 f6 14. Bh6 Qe7 15.
Rxa1 exf5 16. d4 fxg4 17. Bxg7 Qxg7 18. Bc4+ Kh8 19. Nd2 cxd4 20. Nd5 Bd7 21.
Re1 Rac8 22. Qf2 f5 23. Qe2 Rfe8 24. Qd3 g5 25. Kf1 Qh6 26. Qxd4+ Qg7 27. Qxa7
Qxb2 28. Nb6 Rc6 29. Nxd7 Qxd2 30. Qxb7 Rxc4 31. Nf6 Qf4+ 32. Kg1 1-0

[Event "ODEM U25B 2012"]
[Site "Oberhof GER"]
[Date "2012.05.29"]
[Round "4"]
[White "Matuschak, Henry"]
[Black "Arnold, Alexandria"]
[Result "0-1"]
[Termination "normal"]
[Board "33"]
[WhiteElo "1034"]
[BlackElo "872"]
[PlyCount "88"]
[BlackFideId "16205383"]
[EventCountry "GER"]
[EventRounds "9"]
[EventType "swiss"]
[EventDate "2012.05.26"]

1. e4 e5 2. Nf3 Nc6 3. Nc3 Nf6 4. Bb5 d6 5. d3 Bd7 6. O-O a6 7. Ba4 Nd4 8.
Bxd7+ Qxd7 9. Nxd4 exd4 10. Nd5 Nxd5 11. exd5 O-O-O 12. Re1 Be7 13. h3 Bh4 14.
Re4 Bf6 15. Bd2 Qf5 16. Qg4 Qxg4 17. Rxg4 Rde8 18. Re4 Re5 19. Bf4 Rf5 20. Rae1
Kd7 21. g3 Rxd5 22. h4 Rc5 23. Rc1 Be5 24. Bxe5 dxe5 25. c3 dxc3 26. bxc3 f6
27. d4 exd4 28. Rxd4+ Kc8 29. Rd3 h6 30. Kf1 g5 31. hxg5 hxg5 32. Kg2 f5 33.
Re1 b5 34. a3 a5 35. Rb1 c6 36. Rb2 g4 37. Ra2 Rc4 38. f3 Rh3 39. fxg4 fxg4 40.
Rc2 Rc5 41. Rd4 Rch5 42. Rf2 Rh2+ 43. Kg1 Rh1+ 44. Kg2 R5h2# 0-1

[Event "ODEM U25B 2012"]
[Site "Oberhof GER"]
[Date "2012.05.29"]
[Round "4"]
[White "Kluge, Helene"]
[Black "Weiten, Anna"]
[Result "0-1"]
[Termination "normal"]
[Board "34"]
[WhiteElo "827"]
[BlackElo "1008"]
[PlyCount "54"]
[WhiteFideId "12983179"]
[BlackFideId "12938203"]
[EventCountry "GER"]
[EventRounds "9"]
[EventType "swiss"]
[EventDate "2012.05.26"]

1. e4 e5 2. Nf3 Nc6 3. Bb5 Nd4 4. Nxd4 exd4 5. d3 c6 6. Bc4 d5 7. Bb3 Nf6 8.
Bg5 h6 9. Bh4 dxe4 10. dxe4 Be7 11. Bxf6 Bxf6 12. O-O O-O 13. Re1 Be5 14. Qh5
Qf6 15. Nd2 Be6 16. Nf3 Bxb3 17. axb3 Rfe8 18. Nh4 Rad8 19. Rxa7 d3 20. c3 d2
21. Rd1 Bf4 22. Ra4 b5 23. Rb4 c5 24. Rxb5 Rxe4 25. Nf3 Bg5 26. Nxd2 Rxd2 27.
Rxd2 Re1# 0-1

[Event "ODEM U25B 2012"]
[Site "Oberhof GER"]
[Date "2012.05.29"]
[Round "4"]
[White "Schulze, Lara"]
[Black "Bossert, Moritz"]
[Result "1-0"]
[Termination "normal"]
[Board "35"]
[WhiteElo "994"]
[BlackElo "787"]
[PlyCount "64"]
[WhiteFideId "12956830"]
[BlackFideId "16239946"]
[EventCountry "GER"]
[EventRounds "9"]
[EventType "swiss"]
[EventDate "2012.05.26"]

1. c4 e6 2. Nc3 d5 3. d4 Bb4 4. Nf3 c5 5. dxc5 dxc4 6. Qxd8+ Kxd8 7. e4 Bxc5 8.
Bxc4 Ne7 9. O-O Bd7 10. Rd1 Ng6 11. b3 Nc6 12. Bb2 Kc8 13. Ne2 a6 14. Bxg7 Rg8
15. Bb2 Rd8 16. Ng5 f6 17. Nxe6 b5 18. Nxd8 Kxd8 19. Bxf6+ Be7 20. Bxe7+ Ngxe7
21. Be6 Ra7 22. Bxd7 Rxd7 23. Rxd7+ Kxd7 24. Rd1+ Ke6 25. f4 Nb4 26. e5 Nxa2
27. Rd6+ Kf5 28. Rxa6 Nb4 29. Rf6+ Ke4 30. Rf7 Ng6 31. Rxh7 Nxf4 32. Nxf4 Kxf4
1-0

[Event "ODEM U25B 2012"]
[Site "Oberhof GER"]
[Date "2012.05.29"]
[Round "4"]
[White "Paulweber, Lara"]
[Black "Mönster, Michel"]
[Result "1-0"]
[Termination "normal"]
[Board "36"]
[WhiteElo "902"]
[BlackElo "988"]
[PlyCount "86"]
[WhiteFideId "12954411"]
[BlackFideId "12947164"]
[EventCountry "GER"]
[EventRounds "9"]
[EventType "swiss"]
[EventDate "2012.05.26"]

1. d4 f5 2. Bf4 Nf6 3. Nf3 d6 4. e3 e6 5. Bb5+ Bd7 6. Bd3 Qe7 7. c3 Nc6 8. Nbd2
e5 9. Bg5 e4 10. Bxf6 Qxf6 11. Nxe4 fxe4 12. Bxe4 O-O-O 13. Qc2 Be6 14. d5 Ne5
15. Nxe5 dxe5 16. dxe6 Qxe6 17. Bf5 Qxf5 18. Qxf5+ Kb8 19. Qxe5 Bd6 20. Qxg7 b6
21. Qf6 Rhf8 22. Qh4 Rh8 23. O-O-O Rd7 24. Qc4 Rhd8 25. Rd2 h6 26. Rhd1 h5 27.
e4 Bf4 28. Qe2 Rxd2 29. Rxd2 Rxd2 30. Qxd2 Bxd2+ 31. Kxd2 Kc8 32. Ke3 Kd7 33.
Kf4 Ke6 34. e5 a5 35. Ke4 c5 36. f4 b5 37. f5+ Kf7 38. Kd5 c4 39. e6+ Ke8 40.
f6 a4 41. Kd6 b4 42. cxb4 a3 43. f7+ Kf8 1-0